000 00799nam a22002177a 4500
005 20180615141408.0
010 _a1718EN-30 B-688995-9009
020 _a9781137582416
_c1254.00
035 _aB-688995-9009
037 _bAtlantic
_adpl
082 _a658.4012
100 _aLasserre, Philippe
245 _aGlobal strategic management
_cby Philippe Lasserre
250 _a3rd ed.
260 _aNew York
_bPalgrave Macmillan
_c2015
270 _a175, Fifth Avaenue,
_bNew York
_eNY-10010
300 v _axxxvii,514p.
_c25cm(pbk)
500 _aIncludes index
942 _2ddc
_cEN
_mLAS
_h658.4012
999 _c145089
_d145089